Регионална библиотека "Любен Каравелов" - Русе

Мъжът, който караше съпрузите да ревнуват (Запис номер 109854)

MARC детайли
000 -Лидер
Контролно поле с фиксирана дължина 01000nam a2200289 c 4500
003 - Код на организацията, давaща контролен номер
Контролно поле BLK
005 - Дата и час на последна редакция
Контролно поле 20200526114801.0
008 - Елементи от данни с фиксирана дължина
fixed length control field 180409b bul|||||r ||||||| ||bul||
010 ## - Наследен системен номер
LC control number KNG00115175000
020 ## - Международен стандартен номер на книга ISBN
Международен стандартен номер на книга ISBN 978-954-780-017-5
-- издат.: VENUS PRESS
040 ## - Източник на каталожния запис
Идентификатор на билиотеката - собственик на записа BLK
041 ## - Код за език
Код за езика на текст/звукозапис или на отделно заглавие Български
Код за езика КДБФ Български
080 ## - УДК
Текстов определител УДК Английска литература
УДК код - определител по УДК 821.111
УДК определител -31
УДК - код + определител 821.111-31
100 1# - Редна дума - Автор
Автор Купър, Джили
Авторска отговорност първи автор
R(LIN) 311679
139 ## - Редно поле
Редна дума Купър, Джили
Авторски знак Куп - К 94
245 10 - Сведения за заглавието
Заглавие Мъжът, който караше съпрузите да ревнуват
Подзаглавни данни Роман
Редно поле (дума) Джили Купър.
257 ## - Страна на издаване
Страна на създаване/издаване Великобритания
260 ## - Област на издателските данни
-- София
Име на издателя, разпространителя и проч. VENUS PRESS
Година на издаване 2004
300 ## - Физическа характеристика
Страници 704 с.
Размери/Мащаб 20 см
380 ## - Жанр
Жанр Худож. лит.
500 ## - Общи забележки
Забележка Ориг. загл. The Man, Who Made Husbands Jealous / Jilly Cooper. - Офс. изд.
852 ## - Местоположение
Форматна сигнатура Цб 220959
856 4# - Електронен адрес и достъп
Електронен формат pdf - файл
Път до файла /url/
856 4# - Електронен адрес и достъп
Електронен формат pdf - файл
Път до файла /url/
942 ## - АРТИКУЛИ
Вид на библиотечния материал Книги
Скрит в OPAC Не
Koha issues (borrowed), all copies 10
944 ## - СЪЗДАВАНЕ И РЕДАКЦИЯ на ЗАПИСА
Създаване/Редакция Създаване
Дата на регистрацията/редакция 29.09.2004
Служител, извършил регистрацията/редакцията Геновева_Генчева
944 ## - СЪЗДАВАНЕ И РЕДАКЦИЯ на ЗАПИСА
Създаване/Редакция Редакция
Дата на регистрацията/редакция 04.01.2008
Служител, извършил регистрацията/редакцията
999 ## - СИСТЕМНИ КОНТРОЛНИ НОМЕРА
Koha biblionumber 109854
Koha biblioitemnumber 109854
Наличности
Код за отписване Код за изгубен артикул Източник на класификационната схема Код за повреда Коз за рестрикции Код за отдаване Артикулен № Име на библиотеката - собственик Име на библиотеката, в която се намира в момента Статус (Текущо местоположение) Дата на вписване в системата Местоположение - отдел Цена в лева Инвентарен номер Систематично азбучна сигнатура Баркод Номер на екземпляра Цена в евро Служебна бележка Служебен тип на артикула
Изтеглен Не е изгубен Universal Decimal Classification Не е повреден без рестрикции заемане за дома 177032 Регионална библиотека "Любен Каравелов" Русе Регионална библиотека "Любен Каравелов" Русе Количка 2004-09-29 Заемна - подръчен фонд 11.00 120000688808 П 820-31/К 94 120000688808 1 5.62 Дост: Pk Вид: Ф N: 29 Дата: 29.09.2004 Дата инв: 15.02.2018 Бележки инв: П2018 Книги
  Не е изгубен   Не е повреден без рестрикции ползва се в читалня 177033 Регионална библиотека "Любен Каравелов" Русе Регионална библиотека "Любен Каравелов" Русе Хранилище 2007-11-05 Хранилище 11.00 120000719240 Цб 220959 120000719240 2 5.62 Дост: Dp Вид: Д N: 27 Дата: 13.06.2007 Книги
Vip Innovations Ltd, Rousse, Bulgaria 2025